000 00929cam a22002054a 4500
005 20250605165135.0
008 250528s ||||||||||||||||||||||||d
035 _a17697
020 _a9789604381722
040 _aGR-AtMCL
_bgre
_dGR-AtMCL
_eAACR2
245 1 _a156 Μαθήματα Ηγεσίας
250 _a
260 _bΠερίπλους,
_c2015
300 _a156
520 _a156 Μαθήματα Ηγεσίας. Πρόλογος, Εισαγωγή, Ευθύνη/ Εξουσία, Αλλαγές/ Λήψη Αποφάσεων, Ηγεσία, Επικοινωνία, Ομαδική Εργασία, Εκπαίδευση, Συγκρούσεις, Αξιολόγηση, Άτυπες Σχέσεις, Καθοδήγηση/ Υποκίνηση, Ηθική, Καριέρα/ Αυτοπραγμάτωση.
700 1 _aΘεοδωρόπουλος Ανδρέας
_93878
942 _cBK
999 _c3099
_d3099